Food in Seinfeld Quiz Stats

Quiz Updated Oct 7, 2015

Challenge
Share
Tweet
Embed
Score 0/30 Timer 06:00
4 Plays Today
Hint Food % Correct
Bania insists it's not a mealSoup
85.4%
Kramer dropped one into a personJunior Mint
80.7%
Kramer steals a catch of these in the HamptonsLobster
70.3%
George didn't get thanked for thisThe Big Salad
64.7%
While not on strike, Kramer worked making theseBagels
63.8%
This caused Elaine to interrupt a piano recitalPez
62.1%
George fought for one at a car dealershipTwix
58.6%
George reeled this in on a fishing poleMarble Rye
57.5%
Part of Kenny Bania's brutal stand up routineOvaltine
57%
George brought one to his boss everydayCalzone
55.4%
George ate one out of the trashEclair
53.5%
This is George's ATM passwordBosco (Chocolate Syrup)
53.3%
George is caught on TV messily eating one of theseIce Cream Sundae
52.5%
This is what Elaine wanted to bring to a dinner party...Chocolate Babka
48.6%
Kramer developed a love/hate relationship with this nearby restaurantKenny Roger's Roasters
47.7%
Hint Food % Correct
Braless Wonder Sue Ellen Mischke is heir to this candy bar fortureOh Henry!
46.2%
Jerry orders this from the Soup NaziCrab Bisque
42.8%
Some of this gets in George's eye, causing him to winkGrapefruit Pulp
42.3%
...but when it was sold out she had to bring one of these.Cinnamon Babka
42.1%
This is constantly being offered in Jerry's apartmentSnapple
41.9%
This caused George to sweat so much he looked guiltyChicken Kung Pao
41.8%
George tried to incorporate this into his lovemakingPastrami
38.5%
After her beau was in an accident, Elaine still stopped for these Jujyfruit
38.5%
This helps George (but not Jerry) in the bedroomMango
35.4%
The opposite of George's usual tuna on toastChicken Salad on Rye
35%
Jerry uses one of these to bribe NewmanDrake's Coffee Cake
27.4%
Newman orders this from the Soup NaziJambalaya
21.9%
George orders this from the Soup NaziTurkey Chili
20.3%
Kramer orders this from the Soup NaziMulligatawny
18.7%
George's ambulance drivers fight over who ate the last of theseChuckles
10.7%

You're not logged in!

Compare scores with friends on all Sporcle quizzes.
Sign Up with Email
OR
Log In

You Might Also Like...

Show Comments

Extras

Top Quizzes Today


Score Distribution

Your Account Isn't Verified!

In order to create a playlist on Sporcle, you need to verify the email address you used during registration. Go to your Sporcle Settings to finish the process.